[Event "FRA-chT Top 12"]
[Site "Brest"]
[Date "2019.05.27"]
[Round "10.3"]
[White "Cossin, Sebastien"]
[Black "Karthikeyan, Murali"]
[Result "1-0"]
[WhiteElo "2494"]
[BlackElo "2596"]
[PlyCount "121"]
[EventDate "2019.05.18"]
[EventType "team-tourn"]
[EventRounds "11"]
[EventCountry "FRA"]
[SourceTitle "CBM 190 Extra"]
[Source "ChessBase"]
[SourceDate "2019.07.15"]
[SourceVersion "1"]
[SourceVersionDate "2019.07.15"]
[SourceQuality "1"]
[WhiteTeam "Tours Hauts de France St Quentin"]
[BlackTeam "Cannes"]
[WhiteTeamCountry "FRA"]
[BlackTeamCountry "FRA"]

1. d4 Nf6 2. c4 e6 3. Nc3 Bb4 4. e3 0-0 5. Bd3 d5 6. cxd5 exd5 7. Nge2 Bd6 8. Bd2 c6 9. 0-0 Bc7 10. f3 Qd6 11. g3 Bb6 12. Na4 c5 13. dxc5 Bxc5 14. Nxc5 Qxc5 15. Nd4 Nc6 16. Rc1 Qb6 17. Nxc6 bxc6 18. Qc2 Bb7 19. b4 d4 20. e4 Nd7 21. a4 Ne5 22. a5 Qd8 23. Bf4 Nxd3 24. Qxd3 Qd7 25. Rfd1 Rfd8 26. a6 Bc8 27. Rc5 Qe7 28. Rdc1 Be6 29. Bd2 Bd7 30. Qxd4 Bc8 31. Qb2 Bxa6 32. Bg5 f6 33. Qa2+ Qf7 34. Qxa6 fxg5 35. Qc4 Qxc4 36. R1xc4 Rf8 37. Kf2 h6 38. Ke3 Rf7 39. f4 gxf4+ 40. gxf4 Rb8 41. Rxc6 Rfb7 42. Rc8+ Rxc8 43. Rxc8+ Kf7 44. Rc4 Rb5 45. e5 g5 46. Ke4 gxf4 47. Kxf4 a5 48. bxa5 Rxa5 49. Kf5 Ra3 50. Rc7+ Kf8 51. h4 Ra6 52. h5 Rb6 53. Rd7 Rb1 54. Kg6 Re1 55. Rf7+ Ke8 56. Rf5 Ke7 57. Kxh6 Ke6 58. Rg5 Kf7 59. Kh7 Re2 60. h6 Rh2 61. Rg6 1-0

[Event "FRA-chT Top 12"]
[Site "Brest"]
[Date "2019.05.20"]
[Round "3.2"]
[White "Heimann, Andreas"]
[Black "Cossin, Sebastien"]
[Result "1-0"]
[WhiteElo "2627"]
[BlackElo "2494"]
[PlyCount "57"]
[EventDate "2019.05.18"]
[EventType "team-tourn"]
[EventRounds "11"]
[EventCountry "FRA"]
[SourceTitle "CBM 190 Extra"]
[Source "ChessBase"]
[SourceDate "2019.07.15"]
[SourceVersion "1"]
[SourceVersionDate "2019.07.15"]
[SourceQuality "1"]
[WhiteTeam "Mulhouse"]
[BlackTeam "Tours Hauts de France St Quentin"]
[WhiteTeamCountry "FRA"]
[BlackTeamCountry "FRA"]

1. d4 Nf6 2. c4 e6 3. Nf3 c5 4. d5 exd5 5. cxd5 d6 6. Nc3 g6 7. h3 Bg7 8. e4 0-0 9. Bd3 a6 10. a4 Re8 11. Be3 Nbd7 12. 0-0 c4 13. Bc2 Qc7 14. Bd4 b6 15. Re1 Rb8 16. Qd2 Bb7 17. Rac1 Ba8 18. b3 cxb3 19. Bxb3 Nc5 20. Ba2 Nfd7 21. Bxg7 Kxg7 22. Nd4 Kg8 23. Re3 Nf6 24. Rce1 Rbc8 25. Nc6 Nfd7 26. e5 dxe5 27. d6 Nb3 28. Ne7+ Rxe7 29. Bxb3 1-0

[Event "FRA-chT Top 12"]
[Site "Brest"]
[Date "2018.06.05"]
[Round "11"]
[White "Cossin, Sebastien"]
[Black "Demuth, Adrien"]
[Result "1/2-1/2"]
[WhiteElo "2498"]
[BlackElo "2542"]
[PlyCount "29"]
[EventDate "2018.05.26"]
[EventType "team-tourn"]
[EventRounds "11"]
[EventCountry "FRA"]
[SourceTitle "EXT 2019"]
[Source "ChessBase"]
[SourceDate "2018.10.10"]
[SourceVersion "1"]
[SourceVersionDate "2018.10.10"]
[SourceQuality "1"]
[WhiteTeam "Vandoeuvre"]
[BlackTeam "Nice Alekhine"]
[WhiteTeamCountry "FRA"]
[BlackTeamCountry "FRA"]

1. d4 Nf6 2. c4 c5 3. d5 e6 4. Nc3 exd5 5. cxd5 d6 6. e4 g6 7. Nf3 Bg7 8. Nd2 0-0 9. Be2 Re8 10. 0-0 a6 11. a4 Nbd7 12. f4 c4 13. e5 dxe5 14. Nxc4 Nb6 15. fxe5 1/2-1/2

[Event "FRA-chT Top 12"]
[Site "Brest"]
[Date "2018.06.03"]
[Round "9"]
[White "Jobava, Baadur"]
[Black "Cossin, Sebastien"]
[Result "0-1"]
[WhiteElo "2663"]
[BlackElo "2498"]
[PlyCount "100"]
[EventDate "2018.05.26"]
[EventType "team-tourn"]
[EventRounds "11"]
[EventCountry "FRA"]
[SourceTitle "EXT 2019"]
[Source "ChessBase"]
[SourceDate "2018.10.10"]
[SourceVersion "1"]
[SourceVersionDate "2018.10.10"]
[SourceQuality "1"]
[WhiteTeam "Tremblay en France"]
[BlackTeam "Vandoeuvre"]
[WhiteTeamCountry "FRA"]
[BlackTeamCountry "FRA"]

1. d4 Nf6 2. c4 g6 3. Nc3 Bg7 4. e4 d6 5. f4 0-0 6. Nf3 c5 7. d5 b5 8. Qc2 b4 9. Nd1 b3 10. axb3 Na6 11. Nf2 Nb4 12. Qb1 e6 13. dxe6 fxe6 14. Be2 e5 15. fxe5 Ng4 16. Bg5 Qc7 17. Nd3 Bb7 18. e6 h6 19. Nxb4 cxb4 20. h3 Nf2 21. Kxf2 hxg5 22. Rd1 Qc5+ 23. Ke1 Be5 24. Rd5 Bxd5 25. exd5 Kg7 26. Kd2 Rf4 27. Qg1 Bd4 28. Nxd4 Rxd4+ 29. Kc2 a5 30. Rd1 Rxd1 31. Qxc5 dxc5 32. Bxd1 Kf6 33. Kd2 Ke7 34. Bc2 Rf8 35. Ke3 Rf6 36. Bd3 Kd6 37. g3 g4 38. hxg4 g5 39. Be2 Rh6 40. Kd2 Rh3 41. Bd1 Rxg3 42. Kc2 Rg2+ 43. Kc1 Rf2 44. Kb1 Rf4 45. Ka2 Rf1 46. Be2 Re1 47. Bd3 Re3 48. Bc2 Re2 49. Bd1 Re1 50. Bf3 Ke7 0-1

[Event "FRA-chT Top 12"]
[Site "Brest"]
[Date "2018.05.31"]
[Round "6.3"]
[White "Van Wely, Loek"]
[Black "Cossin, Sebastien"]
[Result "1/2-1/2"]
[WhiteElo "2667"]
[BlackElo "2498"]
[PlyCount "90"]
[EventDate "2018.05.26"]
[EventType "team-tourn"]
[EventRounds "11"]
[EventCountry "FRA"]
[SourceTitle "EXT 2019"]
[Source "ChessBase"]
[SourceDate "2018.10.10"]
[SourceVersion "1"]
[SourceVersionDate "2018.10.10"]
[SourceQuality "1"]
[WhiteTeam "Clichy Echecs 92"]
[BlackTeam "Vandoeuvre"]
[WhiteTeamCountry "FRA"]
[BlackTeamCountry "FRA"]

1. d4 Nf6 2. c4 g6 3. Nc3 Bg7 4. e4 d6 5. Nf3 0-0 6. Be2 e5 7. Be3 exd4 8. Nxd4 Re8 9. f3 c6 10. Bf2 d5 11. exd5 cxd5 12. 0-0 Nc6 13. c5 a6 14. Qd2 Qa5 15. Rfd1 Qxc5 16. Ne6 Qa5 17. Nxg7 Kxg7 18. Bf1 Be6 19. a3 d4 20. Ne2 Bb3 21. Qxa5 Nxa5 22. Rxd4 Bc4 23. Re1 Rac8 24. b4 Nb3 25. Rdd1 Nd5 26. Ng3 Rxe1 27. Bxe1 Bxf1 28. Rxd5 Bb5 29. Ne4 Rc1 30. Kf2 Rc2+ 31. Kg3 f5 32. Nc5 Bc6 33. Rd6 Nxc5 34. bxc5 Rxc5 35. Bb4 Rc2 36. Rd2 Rc4 37. Rd4 Rxd4 38. Bc3 Kf7 39. Bxd4 g5 40. h4 h6 41. hxg5 hxg5 42. Bb6 Ke7 43. Kf2 Kd6 44. g4 Ke5 45. gxf5 Kxf5 1/2-1/2

[Event "FRA-chT Top 12"]
[Site "Brest"]
[Date "2018.05.29"]
[Round "4"]
[White "Cossin, Sebastien"]
[Black "Sokolov, Andrei"]
[Result "1/2-1/2"]
[WhiteElo "2498"]
[BlackElo "2532"]
[PlyCount "85"]
[EventDate "2018.05.26"]
[EventType "team-tourn"]
[EventRounds "11"]
[EventCountry "FRA"]
[SourceTitle "EXT 2019"]
[Source "ChessBase"]
[SourceDate "2018.10.10"]
[SourceVersion "1"]
[SourceVersionDate "2018.10.10"]
[SourceQuality "1"]
[WhiteTeam "Vandoeuvre"]
[BlackTeam "Mulhouse Philidor"]
[WhiteTeamCountry "FRA"]
[BlackTeamCountry "FRA"]

1. d4 Nf6 2. c4 e6 3. Nc3 Bb4 4. f3 d5 5. a3 Bxc3+ 6. bxc3 c5 7. cxd5 Nxd5 8. dxc5 Qa5 9. e4 Ne7 10. Be3 0-0 11. Qb3 Nec6 12. Bb5 Qc7 13. Ne2 Na5 14. Qb4 e5 15. 0-0 Be6 16. Nd4 exd4 17. cxd4 Nac6 18. Qc3 Ne7 19. Bf2 Nbc6 20. Bg3 Qd7 21. Bd6 a6 22. Bd3 Rfe8 23. d5 Nxd5 24. exd5 Bxd5 25. Bxh7+ Kxh7 26. Qd3+ Kg8 27. Qxd5 Re2 28. Rfe1 Rae8 29. Kf1 Rxe1+ 30. Rxe1 Rxe1+ 31. Kxe1 Nd8 32. Qe4 Nc6 33. h4 Qd8 34. h5 Qg5 35. Qe8+ Kh7 36. Qxf7 Qxg2 37. Qf5+ Kh8 38. Qf8+ Kh7 39. Qf5+ Kh8 40. Qg4 Qb2 41. Qe6 Qxa3 42. Qe8+ Kh7 43. Qg6+ 1/2-1/2

[Event "FRA-chT Top 12"]
[Site "Brest"]
[Date "2018.05.28"]
[Round "3"]
[White "Cossin, Sebastien"]
[Black "Shoker, Samy"]
[Result "1/2-1/2"]
[WhiteElo "2498"]
[BlackElo "2475"]
[PlyCount "148"]
[EventDate "2018.05.26"]
[EventType "team-tourn"]
[EventRounds "11"]
[EventCountry "FRA"]
[SourceTitle "EXT 2019"]
[Source "ChessBase"]
[SourceDate "2018.10.10"]
[SourceVersion "1"]
[SourceVersionDate "2018.10.10"]
[SourceQuality "1"]
[WhiteTeam "Vandoeuvre"]
[BlackTeam "Bois Colombes"]
[WhiteTeamCountry "FRA"]
[BlackTeamCountry "FRA"]

1. d4 d6 2. c4 Nf6 3. Nc3 e5 4. Nf3 e4 5. Nd2 Qe7 6. Nb3 h6 7. h3 c6 8. Bf4 g5 9. Bh2 Bf5 10. e3 Nbd7 11. Na5 Nb6 12. b4 Rd8 13. c5 dxc5 14. bxc5 Nbd5 15. Nxd5 Nxd5 16. Qb3 Bc8 17. Rb1 Rd7 18. Be2 h5 19. Nc4 Qe6 20. Ne5 Rd8 21. Bg3 Be7 22. h4 g4 23. Qc2 Rg8 24. Qxe4 f6 25. Qh7 fxe5 26. Qxh5+ Qg6 27. Qxg6+ Rxg6 28. Bxe5 Rh6 29. h5 Bf6 30. Bb8 Nc3 31. Rb3 Nxe2 32. Kxe2 a6 33. Bf4 Rh7 34. f3 Be6 35. Rb2 Bc4+ 36. Kd2 gxf3 37. gxf3 Rdd7 38. Kc3 Bd5 39. Rh3 Be6 40. Rh1 Rd5 41. Kd3 Rxc5 42. dxc5 Bxb2 43. Rh2 Bg7 44. h6 Bf8 45. Kd4 Bg8 46. e4 Rd7+ 47. Bd6 Bxd6 48. cxd6 Rxd6+ 49. Kc5 Rd7 50. f4 Bh7 51. e5 Rd5+ 52. Kb6 c5 53. Rh3 c4 54. Rc3 Rd4 55. Kxb7 Rxf4 56. Kxa6 Kd7 57. Kb5 Ke6 58. a4 Kxe5 59. a5 Bd3 60. a6 Kd4 61. a7 Rf8 62. Kb4 Rc8 63. Rc1 Be4 64. Rd1+ Bd3 65. Rc1 Ra8 66. h7 Bxh7 67. Rxc4+ Kd5 68. Rc7 Be4 69. Ka5 Kd6 70. Kb6 Rg8 71. Rb7 Bxb7 72. Kxb7 Rg7+ 73. Kb6 Rxa7 74. Kxa7 Ke5 1/2-1/2

[Event "Skopje Karposh op"]
[Site "Skopje"]
[Date "2017.04.04"]
[Round "5"]
[White "Tuncer, Tuna"]
[Black "Cossin, Sebastien"]
[Result "0-1"]
[WhiteElo "2325"]
[BlackElo "2499"]
[PlyCount "68"]
[EventDate "2017.04.01"]
[EventType "swiss"]
[EventRounds "9"]
[EventCountry "MKD"]
[SourceTitle "CBM 177 Extra"]
[Source "ChessBase"]
[SourceDate "2017.04.27"]
[SourceVersion "1"]
[SourceVersionDate "2017.04.27"]
[SourceQuality "1"]

1. e4 c5 2. Nf3 e6 3. d4 cxd4 4. Nxd4 a6 5. Bd3 Bc5 6. Nb3 Ba7 7. 0-0 Nc6 8. Kh1 Nf6 9. Nc3 d6 10. Qe2 Ne5 11. f4 Nxd3 12. cxd3 0-0 13. Be3 Bxe3 14. Qxe3 b5 15. Qd4 Re8 16. Rac1 e5 17. Qf2 Be6 18. Rc2 Rc8 19. Rfc1 b4 20. Nd1 Rxc2 21. Rxc2 d5 22. fxe5 Ng4 23. Qg3 dxe4 24. d4 Bxb3 25. axb3 Nxe5 26. Rd2 Nd3 27. Qe3 f5 28. g3 Qd5 29. Nf2 Rd8 30. Rc2 Qxd4 31. Qg5 Qd7 32. Nh3 Ne1 33. Rf2 Nf3 34. Qh5 Qd1+ 0-1

[Event "Skopje Karposh op"]
[Site "Skopje"]
[Date "2017.04.03"]
[Round "4"]
[White "Cossin, Sebastien"]
[Black "Goriatchkin, Jouri"]
[Result "1/2-1/2"]
[WhiteElo "2499"]
[BlackElo "2313"]
[PlyCount "115"]
[EventDate "2017.04.01"]
[EventType "swiss"]
[EventRounds "9"]
[EventCountry "MKD"]
[SourceTitle "CBM 177 Extra"]
[Source "ChessBase"]
[SourceDate "2017.04.27"]
[SourceVersion "1"]
[SourceVersionDate "2017.04.27"]
[SourceQuality "1"]

1. c4 e6 2. Nc3 d5 3. d4 Nf6 4. cxd5 exd5 5. Bg5 Be7 6. e3 c6 7. Qc2 Nbd7 8. Bd3 h6 9. Bh4 Nh5 10. Bxe7 Qxe7 11. Nge2 Nhf6 12. 0-0 0-0 13. Ng3 Nb6 14. Rfe1 Be6 15. Nce2 Rae8 16. f3 Bc8 17. e4 dxe4 18. fxe4 h5 19. e5 Ng4 20. h3 h4 21. Nf1 Nh6 22. Nc3 Qd8 23. Qf2 f6 24. Qxh4 fxe5 25. Qxd8 Rxd8 26. Rxe5 Rxd4 27. Rd1 Rfd8 28. Bc2 Rxd1 29. Bxd1 Nf5 30. Ne3 Nd4 31. g4 Nd7 32. Re7 Kf8 33. Re4 Nc5 34. Rf4+ Kg8 35. Ncd5 Nce6 36. Ne7+ Kh7 37. Re4 Ng5 38. Rxd4 Rxd4 39. Bc2+ Kh8 40. Nxc8 Rd2 41. Kf1 Nxh3 42. Ke1 Rh2 43. Nd6 Nf4 44. Kd1 b5 45. b4 g6 46. g5 Kg7 47. Kc1 Re2 48. Ng4 Rg2 49. Ne8+ Kf7 50. Nef6 Ke6 51. Bb3+ Kd6 52. Ne4+ Kc7 53. Ngf2 Kb6 54. Bf7 a5 55. a3 axb4 56. axb4 Kc7 57. Be8 Ne6 58. Bxg6 1/2-1/2

[Event "FRA-chT Top 12"]
[Site "Drancy"]
[Date "2016.06.07"]
[Round "11.2"]
[White "Komarov, Dimitri"]
[Black "Cossin, Sebastien"]
[Result "1-0"]
[WhiteElo "2506"]
[BlackElo "2514"]
[PlyCount "43"]
[EventDate "2016.05.28"]
[EventType "team-tourn"]
[EventRounds "11"]
[EventCountry "FRA"]
[SourceTitle "CBM 172 Extra"]
[Source "ChessBase"]
[SourceDate "2016.06.21"]
[SourceVersion "1"]
[SourceVersionDate "2016.06.21"]
[SourceQuality "1"]
[WhiteTeam "Drancy Cavalier Bleu"]
[BlackTeam "Chalons en Champagne"]
[WhiteTeamCountry "FRA"]
[BlackTeamCountry "FRA"]

1. d4 Nf6 2. Nf3 c5 3. d5 b5 4. Bg5 Qb6 5. Bxf6 Qxf6 6. c3 d6 7. Nbd2 Nd7 8. e3 Rb8 9. a4 b4 10. Bd3 h5 11. 0-0 h4 12. Ne4 Qh6 13. Qe2 g6 14. Ba6 Bg7 15. Bxc8 Rxc8 16. cxb4 cxb4 17. Qb5 Rb8 18. Rac1 a6 19. Qb7 Rd8 20. Rc8 h3 21. Rxd8+ Kxd8 22. Qa8+ 1-0

[Event "FRA-chT Top 12"]
[Site "Montpellier"]
[Date "2015.06.01"]
[Round "3.5"]
[White "Cossin, Sebastien"]
[Black "Bailet, Pierre"]
[Result "1-0"]
[WhiteElo "2516"]
[BlackElo "2519"]
[PlyCount "85"]
[EventDate "2015.05.30"]
[EventType "team-tourn"]
[EventRounds "11"]
[EventCountry "FRA"]
[SourceTitle "CBM 166 Extra"]
[Source "ChessBase"]
[SourceDate "2015.06.18"]
[SourceVersion "1"]
[SourceVersionDate "2015.06.18"]
[SourceQuality "1"]
[WhiteTeam "Chalons en Champagne"]
[BlackTeam "Vandoeuvre"]
[WhiteTeamCountry "FRA"]
[BlackTeamCountry "FRA"]

1. d4 d5 2. Nf3 Nf6 3. c4 c6 4. Nc3 dxc4 5. a4 Bf5 6. e3 e6 7. Bxc4 Bb4 8. 0-0 Nbd7 9. Qe2 Bg6 10. e4 0-0 11. Bd3 Bh5 12. Bf4 e5 13. dxe5 Ng4 14. Qc2 Qe7 15. Be2 Bg6 16. Bg3 Bxc3 17. bxc3 Ngxe5 18. Nxe5 Nxe5 19. f4 Nc4 20. f5 Ne3 21. Qd3 Nxf1 22. Rxf1 Bxf5 23. Rxf5 Rfd8 24. Qf3 Qe6 25. h4 Rd2 26. Kh2 Rad8 27. Rc5 Qe7 28. Rg5 h6 29. Rg4 Kh8 30. e5 Rc2 31. Bc4 Rdd2 32. Qxf7 Rxg2+ 33. Kh3 Qxf7 34. Bxf7 Rg1 35. Rg6 h5 36. Bf4 Rf1 37. e6 Rxf4 38. e7 Rxc3+ 39. Kg2 Re4 40. Re6 Rg4+ 41. Kf2 Rc2+ 42. Kf3 Rc3+ 43. Ke2 1-0

[Event "FRA-chT Top 12"]
[Site "Montpellier"]
[Date "2015.??.??"]
[Round "5.4"]
[White "Llanes Hurtado, Miguel"]
[Black "Cossin, Sebastien"]
[Result "0-1"]
[WhiteElo "2444"]
[BlackElo "2516"]
[PlyCount "72"]
[EventDate "2015.05.30"]
[EventType "team-tourn"]
[EventRounds "11"]
[EventCountry "FRA"]
[SourceTitle "CBM 166 Extra"]
[Source "ChessBase"]
[SourceDate "2015.06.18"]
[SourceVersion "1"]
[SourceVersionDate "2015.06.18"]
[SourceQuality "1"]
[WhiteTeam "Grasse Echecs"]
[BlackTeam "Chalons en Champagne"]
[WhiteTeamCountry "FRA"]
[BlackTeamCountry "FRA"]

1. c4 Nf6 2. Nc3 g6 3. g3 c5 4. Bg2 Bg7 5. e4 Nc6 6. Nge2 0-0 7. d3 d6 8. 0-0 Rb8 9. h3 Ne8 10. Be3 Nc7 11. d4 b6 12. f4 Ba6 13. dxc5 bxc5 14. b3 Ne6 15. Qd2 Ned4 16. Rad1 Qa5 17. Bf2 Rfe8 18. Nxd4 Nxd4 19. Ne2 Qxd2 20. Rxd2 e5 21. Nc3 Bb7 22. fxe5 Bxe5 23. Rd3 Bc6 24. Kh2 a5 25. Rfd1 Re7 26. h4 Ra7 27. Bxd4 Bxd4 28. a4 Rxb3 29. Nb5 Rxd3 30. Rxd3 Bxb5 31. cxb5 Be5 32. Rd1 c4 33. Bf1 c3 34. Bc4 Rc7 35. Bd5 Bd4 36. Bc6 Be3 0-1

[Event "FRA-chT Top 12"]
[Site "Belfort"]
[Date "2012.06.06"]
[Round "7.7"]
[White "Cossin, Sebastien"]
[Black "Istratescu, Andrei"]
[Result "1/2-1/2"]
[WhiteElo "2507"]
[BlackElo "2636"]
[PlyCount "98"]
[EventDate "2012.05.31"]
[EventType "team-tourn"]
[EventRounds "11"]
[EventCountry "FRA"]
[SourceTitle "CBM 148 Extra"]
[Source "ChessBase"]
[SourceDate "2012.06.22"]
[SourceVersion "1"]
[SourceVersionDate "2012.06.22"]
[SourceQuality "1"]
[WhiteTeam "Chalons en Champagne"]
[BlackTeam "Marseille Echecs"]
[WhiteTeamCountry "FRA"]
[BlackTeamCountry "FRA"]

1. d4 Nf6 2. c4 e6 3. Nc3 Bb4 4. e3 d5 5. a3 Bxc3+ 6. bxc3 c5 7. cxd5 exd5 8. Bd3 0-0 9. Ne2 b6 10. 0-0 Ba6 11. f3 Re8 12. Ng3 Bxd3 13. Qxd3 Nc6 14. Ra2 Qd7 15. Re2 Rad8 16. Rd1 h5 17. Bb2 h4 18. Nh1 Nh5 19. Nf2 c4 20. Qd2 f5 21. Bc1 Rf8 22. Nh3 Ne7 23. Rf1 Ng6 24. Qe1 Rde8 25. Rff2 b5 26. e4 fxe4 27. fxe4 Rxf2 28. Nxf2 Nhf4 29. Bxf4 Nxf4 30. Re3 Qe6 31. Rf3 g5 32. Re3 Qg6 33. h3 dxe4 34. Rxe4 Rxe4 35. Nxe4 Qe6 36. Qe3 Kg7 37. Qf3 Kg6 38. Kh2 Qd5 39. g3 hxg3+ 40. Kxg3 Kf5 41. Nxg5 Qxf3+ 42. Nxf3 Ne2+ 43. Kf2 Nxc3 44. h4 Ke4 45. h5 Nd5 46. h6 Nf6 47. Ke2 c3 48. d5 Kxd5 49. Kd3 a5 1/2-1/2

[Event "FRA-chT Top 12"]
[Site "Belfort"]
[Date "2012.06.01"]
[Round "2.4"]
[White "Cossin, Sebastien"]
[Black "Genzling, Alain"]
[Result "1-0"]
[WhiteElo "2507"]
[BlackElo "2408"]
[PlyCount "83"]
[EventDate "2012.05.31"]
[EventType "team-tourn"]
[EventRounds "11"]
[EventCountry "FRA"]
[SourceTitle "CBM 148 Extra"]
[Source "ChessBase"]
[SourceDate "2012.06.22"]
[SourceVersion "1"]
[SourceVersionDate "2012.06.22"]
[SourceQuality "1"]
[WhiteTeam "Chalons en Champagne"]
[BlackTeam "Vandoeuvre"]
[WhiteTeamCountry "FRA"]
[BlackTeamCountry "FRA"]

1. d4 Nf6 2. c4 e6 3. Nc3 Bb4 4. e3 b6 5. Nge2 Ba6 6. a3 Bxc3+ 7. Nxc3 d5 8. Qf3 c6 9. b3 0-0 10. Bb2 Nbd7 11. Rd1 Re8 12. g4 e5 13. g5 Ne4 14. Nxe4 dxe4 15. Qxe4 Qxg5 16. Qxc6 exd4 17. Qg2 Qe7 18. Rxd4 g6 19. Qg3 Bb7 20. Bg2 Bxg2 21. Qxg2 Nc5 22. b4 Na4 23. Ba1 a5 24. 0-0 axb4 25. axb4 Qxb4 26. Rh4 Ra5 27. Qh3 h5 28. Qd7 Qe7 29. Qd4 Re5 30. Qxe5 Qxe5 31. Bxe5 Rxe5 32. Rb1 Re6 33. Rd4 Rc6 34. Kf1 Kg7 35. Ke1 Kf6 36. Kd2 Ke7 37. Ra1 Nc5 38. Ra7+ Kf8 39. Kc3 Rf6 40. Rf4 Rxf4 41. exf4 Ne4+ 42. Kd4 1-0

[Event "Calvi Balagne 1st"]
[Site "Calvi"]
[Date "2012.04.07"]
[Round "9"]
[White "Cossin, Sebastien"]
[Black "Flear, Glenn C"]
[Result "0-1"]
[WhiteElo "2505"]
[BlackElo "2459"]
[PlyCount "96"]
[EventDate "2012.04.02"]
[EventType "tourn"]
[EventRounds "9"]
[EventCountry "FRA"]
[EventCategory "8"]
[SourceTitle "CBM 147 Extra"]
[Source "ChessBase"]
[SourceDate "2012.04.24"]
[SourceVersion "1"]
[SourceVersionDate "2012.04.24"]
[SourceQuality "1"]

1. d4 e6 2. c4 d5 3. Nf3 c6 4. Nbd2 Nf6 5. e3 Nbd7 6. Bd3 Bd6 7. 0-0 0-0 8. e4 dxe4 9. Nxe4 Nxe4 10. Bxe4 h6 11. Bc2 e5 12. Re1 exd4 13. Qxd4 Bc5 14. Qc3 Re8 15. Rxe8+ Qxe8 16. b4 Be7 17. Bb2 Bf6 18. Re1 Qf8 19. Qd3 g6 20. Bxf6 Nxf6 21. Qd4 Kg7 22. Ne5 Qxb4 23. Re3 Be6 24. h4 c5 25. Qd1 Qb6 26. Rg3 Rd8 27. Qf3 Qb2 28. Nxg6 Ng4 29. Rxg4 Bxg4 30. Qxg4 Qxc2 31. Ne5+ Kf8 32. Qf4 Qh7 33. h5 Qg7 34. Qf5 Kg8 35. f4 b6 36. Kh2 Re8 37. g3 Re6 38. Kh3 Qf6 39. Qe4 Qe7 40. Qf5 Rf6 41. Qc8+ Kh7 42. Ng4 Re6 43. Ne5 Rxe5 44. fxe5 Qxe5 45. Qa6 Qxh5+ 46. Kg2 Qe2+ 47. Kh3 Qe7 48. a4 h5 0-1

[Event "Calvi Balagne 1st"]
[Site "Calvi"]
[Date "2012.04.06"]
[Round "8"]
[White "Massoni, Michael"]
[Black "Cossin, Sebastien"]
[Result "1-0"]
[WhiteElo "2341"]
[BlackElo "2505"]
[PlyCount "125"]
[EventDate "2012.04.02"]
[EventType "tourn"]
[EventRounds "9"]
[EventCountry "FRA"]
[EventCategory "8"]
[SourceTitle "CBM 147 Extra"]
[Source "ChessBase"]
[SourceDate "2012.04.24"]
[SourceVersion "1"]
[SourceVersionDate "2012.04.24"]
[SourceQuality "1"]

1. e4 c5 2. Nf3 d6 3. c3 Nf6 4. Be2 Nc6 5. d4 cxd4 6. cxd4 d5 7. e5 Ne4 8. 0-0 e6 9. Be3 Be7 10. Nbd2 Nxd2 11. Qxd2 Qa5 12. Qd3 Bd7 13. a3 Qb6 14. b4 a6 15. Nd2 Na7 16. Nb3 Bb5 17. Qd2 0-0 18. Nc5 Qc7 19. Rfc1 Nc6 20. Bxb5 axb5 21. Qe2 b6 22. Nb3 Qd7 23. Rc3 Na7 24. Qg4 f5 25. exf6 Bxf6 26. Re1 Nc6 27. Bc1 Rac8 28. Bb2 Qf7 29. Qe2 Bxd4 30. Rf3 Bf6 31. Qxb5 e5 32. Bxe5 Nxe5 33. Rxe5 d4 34. Re1 Qc7 35. Nxd4 Qc4 36. Qxc4+ Rxc4 37. Nf5 Rd8 38. h3 b5 39. Nh6+ Kf8 40. Ng4 Rc3 41. Nxf6 Rxf3 42. Nxh7+ Kg8 43. gxf3 Kxh7 44. Kg2 Kg6 45. Kg3 Kf6 46. Re3 Rd2 47. Rc3 Ra2 48. f4 Kg6 49. Kf3 Kf5 50. Ke3 Ke6 51. Kd4 Kd6 52. Rg3 Rd2+ 53. Ke3 Ra2 54. Ke4 Re2+ 55. Kf5 Rxf2 56. Rxg7 Rf3 57. h4 Rxa3 58. h5 Rh3 59. Rg5 Rh4 60. Kg6 Ke7 61. Re5+ Kf8 62. Rxb5 Rxf4 63. Rf5+ 1-0

[Event "Calvi Balagne 1st"]
[Site "Calvi"]
[Date "2012.04.04"]
[Round "4"]
[White "Cossin, Sebastien"]
[Black "Demuth, Adrien"]
[Result "1/2-1/2"]
[WhiteElo "2505"]
[BlackElo "2417"]
[PlyCount "77"]
[EventDate "2012.04.02"]
[EventType "tourn"]
[EventRounds "9"]
[EventCountry "FRA"]
[EventCategory "8"]
[SourceTitle "CBM 147 Extra"]
[Source "ChessBase"]
[SourceDate "2012.04.24"]
[SourceVersion "1"]
[SourceVersionDate "2012.04.24"]
[SourceQuality "1"]

1. d4 Nf6 2. c4 g6 3. f3 d5 4. cxd5 Nxd5 5. e4 Nb6 6. Nc3 Bg7 7. Be3 0-0 8. f4 Nc6 9. d5 Na5 10. Bd4 e5 11. fxe5 c6 12. b4 Nac4 13. Nf3 Bg4 14. Bxc4 Nxc4 15. 0-0 Nxe5 16. Kh1 Re8 17. Qc2 Nxf3 18. Bxg7 Kxg7 19. gxf3 Bh3 20. Rg1 Qf6 21. Rg3 cxd5 22. Rxh3 Rac8 23. Qd2 Rxc3 24. Qh6+ Kg8 25. Qxh7+ Kf8 26. Re1 Re6 27. e5 Qf5 28. Qh8+ Ke7 29. Qh4+ g5 30. Qd4 Rc4 31. Qxd5 Qxh3 32. Qxc4 Qxf3+ 33. Kg1 Rc6 34. Qd4 Rc2 35. Qd6+ Ke8 36. Qb8+ Ke7 37. Qd6+ Ke8 38. Qb8+ Ke7 39. Qd6+ 1/2-1/2

[Event "Calvi Balagne 1st"]
[Site "Calvi"]
[Date "2012.04.03"]
[Round "3"]
[White "Terrieux, Kevin"]
[Black "Cossin, Sebastien"]
[Result "0-1"]
[WhiteElo "2395"]
[BlackElo "2505"]
[PlyCount "92"]
[EventDate "2012.04.02"]
[EventType "tourn"]
[EventRounds "9"]
[EventCountry "FRA"]
[EventCategory "8"]
[SourceTitle "CBM 147 Extra"]
[Source "ChessBase"]
[SourceDate "2012.04.24"]
[SourceVersion "1"]
[SourceVersionDate "2012.04.24"]
[SourceQuality "1"]

1. d4 Nf6 2. c4 g6 3. Nf3 Bg7 4. g3 0-0 5. Bg2 c5 6. d5 b5 7. cxb5 a6 8. bxa6 d6 9. Nc3 Bxa6 10. 0-0 Nbd7 11. Rb1 Rb8 12. b3 Rb6 13. Bb2 Qa8 14. Nd2 Rfb8 15. Qc2 Rb4 16. a3 R4b6 17. h3 Qa7 18. Kh2 Ne8 19. f4 Nc7 20. Rfe1 R6b7 21. e3 Bf6 22. Ba1 Nb5 23. Nxb5 Bxb5 24. Bxf6 exf6 25. a4 Ba6 26. e4 Rb4 27. Bf1 Bxf1 28. Rxf1 Nb6 29. f5 g5 30. Qc3 Kg7 31. Rfc1 Qa6 32. Re1 Re8 33. Re3 Rd4 34. Rbe1 Rb4 35. Rb1 Rb8 36. Ree1 Nxa4 37. Qc1 Nb6 38. Nf3 Rb7 39. Ra1 Qb5 40. Nd2 h6 41. Qc3 Re7 42. g4 Qe8 43. h4 gxh4 44. Kh3 Rd4 45. Re2 Kh7 46. Kxh4 Qg8 0-1

[Event "FRA-chB 86th"]
[Site "Caen"]
[Date "2011.08.26"]
[Round "11"]
[White "Cossin, Sebastien"]
[Black "Wirig, Anthony"]
[Result "1/2-1/2"]
[WhiteElo "2502"]
[BlackElo "2510"]
[PlyCount "33"]
[EventDate "2011.08.15"]
[EventType "tourn"]
[EventRounds "11"]
[EventCountry "FRA"]
[EventCategory "10"]
[SourceTitle "CBM 144 Extra"]
[Source "ChessBase"]
[SourceDate "2011.10.28"]
[SourceVersion "1"]
[SourceVersionDate "2011.10.28"]
[SourceQuality "1"]

1. d4 d5 2. c4 c6 3. Nf3 Nf6 4. Nc3 a6 5. cxd5 cxd5 6. Bf4 Nc6 7. e3 Bf5 8. Bd3 Bxd3 9. Qxd3 e6 10. 0-0 Bd6 11. Bxd6 Qxd6 12. a3 0-0 13. Rfc1 Rfc8 14. Ne2 Ne7 15. Rxc8+ Rxc8 16. Rc1 Rxc1+ 17. Nxc1 1/2-1/2